| 000 | 00357nam a2200121Ia 4500 | ||
|---|---|---|---|
| 008 | 240126s9999 xx 000 0 und d | ||
| 041 | _aEnglish | ||
| 245 | 0 | _aIEEE Transactions on Very Large Scale Integration Systems (2004 - | |
| 260 | _bIEEE, N.York | ||
| 440 | _aNULL | ||
| 650 | _aIEEE,Tranasactions,Very,Large,Scale,Integration,Systems | ||
| 942 | _cJN | ||
| 999 |
_c251038 _d251038 |
||